000 00459nam a2200181Ia 4500
003 GCL
008 140319s9999 xx 000 0 eng d
040 _aGCL /
_cGCL
082 0 4 _a751.45
_bA B
100 1 _aALBERT, GREG
245 1 0 _aBASIC OIL PAINTING TECHNIQUES /
_cALBERT, GREG
700 1 _aWALF, RACHEL
260 _a[S.N] :
_bNORTH LIGHT BOOKS ،
_c1993
300 _a122\P
650 0 4 _aARTS
650 0 4 _aPAINTING - TECHNIQUE
942 _2ddc
_cBK
999 _c20840
_d20840